Základy tovaroznalectva

Salvato in:
Dettagli Bibliografici
Autore principale: Kováč, Viliam
Ente Autore: Vysoká škola ekonomická v Bratislave. Obchodná fakulta
Altri autori: Hlôška, Branislav, Kollár, Vojtech, Harna, Štefan, Kostka, Pavol
Natura: Libro
Lingua:slovacco
Pubblicazione: Bratislava Vysoká škola ekonomická 1984
Edizione:1. vyd.
Tags: Aggiungi Tag
Nessun Tag, puoi essere il primo ad aggiungerne!!

MARC

LEADER 00000nam a2200000 4500
001 c114621
005 20220520093036.4
041 0 |a slo 
044 |a SK 
245 1 0 |a Základy tovaroznalectva  |c Viliam Kováč a kol. 
250 |a 1. vyd. 
264 1 |a Bratislava  |b Vysoká škola ekonomická  |c 1984 
300 |a 381 s. 
100 1 |a Kováč, Viliam 
700 1 |a Hlôška, Branislav 
700 1 |a Kollár, Vojtech 
700 1 |a Harna, Štefan 
700 1 |a Kostka, Pavol 
710 2 |a Vysoká škola ekonomická v Bratislave. Obchodná fakulta